各个民族自治州的全称 The full names of each ethnic autonomous prefecture - Statistics

General Stats
  • This quiz has been taken 162 times
  • The average score is 24 of 30
Answers on the Map
Answers color-coded by a green-red scale on the quiz's map according to % correct below.
 
Answer Stats
地市 % Correct
巴音郭楞蒙古自治州
91%
甘孜藏族自治州
88%
海北藏族自治州
88%
湘西土家族苗族自治州
87%
延边朝鲜族自治州
87%
恩施土家族苗族自治州
86%
果洛藏族自治州
85%
玉树藏族自治州
85%
海南藏族自治州
85%
黄南藏族自治州
85%
昌吉回族自治州
84%
伊犁哈萨克自治州
84%
西双版纳傣族自治州
84%
博尔塔拉蒙古自治州
83%
甘南藏族自治州
83%
克孜勒苏柯尔克孜自治州
83%
海西蒙古族藏族自治州
82%
凉山彝族自治州
82%
临夏回族自治州
82%
阿坝藏族羌族自治州
81%
迪庆藏族自治州
80%
大理白族自治州
76%
怒江傈僳族自治州
74%
楚雄彝族自治州
73%
黔南布依族苗族自治州
68%
黔东南苗族侗族自治州
68%
红河哈尼族彝族自治州
67%
黔西南布依族苗族自治州
65%
文山壮族苗族自治州
64%
德宏傣族景颇族自治州
61%
No matching quizzes found
Score Distribution
Percent of People with Each Score
Percentile by Number Answered
Your Score History
You have not taken this quiz